Sports Quiz

Random Sports or Numbers Quiz

#12 Athletes Quiz Stats

 Plays Quiz Updated May 14, 2019

Score 0/12 Timer 03:00
12 Plays Today
Athlete % Correct
Tom Brady
97.7%
Aaron Rodgers
94.5%
Dwight Howard
84.5%
John Stockton
83.4%
Terry Bradshaw
76.5%
Jim Kelly
71.1%
Joe Namath
69.3%
LaMarcus Aldridge
64%
Roger Staubach
60.9%
Roberto Alomar
34.7%
Jarome Iginla
30%
Dickie Moore
4.2%

You're not logged in!

Compare scores with friends on all Sporcle quizzes.
OR
Log In

Show Comments

Extras

Top Quizzes Today


Score Distribution

Your Account Isn't Verified!

In order to create a playlist on Sporcle, you need to verify the email address you used during registration. Go to your Sporcle Settings to finish the process.

Report this User

Report this user for behavior that violates our Community Guidelines.

Details: